00689nam a2200193Ia 4500008004100000020001400041082001500055100001900070245009800089250000700187260004100194300003100235500001900266600002100285650005000306942000700356952011700363999001500480240925s9999 xx 000 0 und d a471362093 a004.22 ENG aEnglander, Irv 4aThe Architecture of Computer Hardware and Systems software an Information Technology approach aNA aNew York:bJohn Wiley & Sonsc,2002. axxiii,856p.bNAfPhotocopy aIncludes Index aComputer Science aComputer science, information & general works cBK 001040708SEaUITUbUITUd2002-10-23eF.B.Cg250.00l0o004.22 ENGpQ4674r2024-09-25 07:13:35w2024-09-25yBK c7173d7173